Wird geladen...

Hindi sahitya ka sarvekshan/

Bibliographische Detailangaben
1. Verfasser: Vishwambhar Manav
Format: Printed Book
Veröffentlicht: Allahabad: Lokbharathi Prakashan, 1977.
LEADER 00369 a2200109 4500
100 |a Vishwambhar Manav 
245 |a Hindi sahitya ka sarvekshan/  |c Vishwambhar Manav 
260 |a Allahabad:  |b Lokbharathi Prakashan,  |c 1977. 
300 |a 290p. 
942 |2 ddc  |c BK 
999 |c 241995  |d 241995 
952 |0 0  |1 0  |4 1  |7 0  |9 268510  |a HIN  |b HIN  |c ST1  |d 2011-12-13  |i 13876  |l 0  |p HIN13876  |r 2011-12-13  |w 2014-02-07  |y BK